000 00625nam a2200217 i 4500
001 56129
003 ES-MaACL
005 20250801090219.0
007 t|
008 031003s1968 sp ||||1| spa d
080 _a821.134.2-4"19"
100 1 _aDíaz-Plaja, Guillermo,
_d1909-1984
_9162428
245 1 0 _aDiscursos para sordos /
_cGuillermo Díaz-Plaja.
260 _aMadrid :
_bE.M.E.S.A.,
_c[1968]
300 _a214 p. ;
_c18 cm.
490 1 _aNovelas y cuentos ;
_v31
500 _aFaltan p. 97-112.
830 0 0 _aNovelas y cuentos
_v31
_9179596
852 _aES-MaACL
_jC-56814
_bR.67117
999 _c56129
_d56129